Issledovanija po teorii approksimacii funkcij Sbornik naučnych trudov

Na minha lista:
Detalhes bibliográficos
Formato: Livro
Idioma:russo
Publicado em: Kijev Institut matematiki AN USSR 1987
Edição:1. izd.
Tags: Adicionar Tag
Sem tags, seja o primeiro a adicionar uma tag!

MARC

LEADER 00000nam a2200000 4500
001 c029684
005 20250702101741.3
041 0 |a rus 
044 |a UA 
245 1 0 |a Issledovanija po teorii approksimacii funkcij  |b Sbornik naučnych trudov 
250 |a 1. izd. 
264 1 |a Kijev  |b Institut matematiki AN USSR  |c 1987 
300 |a 118 s.